Dotácie v poľnohospodárstve by mali dostávať najmä konkurencieschopní výrobcovia

Možnosti oživenia poľnohospodárskej výroby. Rast cien v poľnohospodárskych podnikoch v r. 1995. Spotreba hnojív v r. 1989-1993. Ceny produktov ovplyvňuje dotačná politika. Prideľovanie subvencií potrebuje kritickú analýzu.

Guardado en:
Detalles Bibliográficos
Autor principal: Hutník, Félix
Formato: Capítulo de libro
Lenguaje:eslovaco
Materias:
Etiquetas: Agregar Etiqueta
Sin Etiquetas, Sea el primero en etiquetar este registro!

MARC

LEADER 00000naa a2200000 4500
001 r021278
005 20230921074119.2
041 0 |a slo 
044 |a SK 
245 1 0 |a Dotácie v poľnohospodárstve by mali dostávať najmä konkurencieschopní výrobcovia  |c Félix Hutník 
520 |a Možnosti oživenia poľnohospodárskej výroby. Rast cien v poľnohospodárskych podnikoch v r. 1995. Spotreba hnojív v r. 1989-1993. Ceny produktov ovplyvňuje dotačná politika. Prideľovanie subvencií potrebuje kritickú analýzu. 
610 2 0 |a Slovensko 
610 2 0 |a poľnohospodárstvo 
610 2 0 |a ceny 
610 2 0 |a výrobky poľnohospodárske 
610 2 0 |a subvencie 
610 2 0 |a 1995 
100 1 |a Hutník, Félix